000 01301namaa2200325 i 4500
003 EG-GICUC
005 20250726140016.0
008 250726s1992 sy |||jr|||| 001 0 ara d
017 _a1992 / 6
040 _aEG-GiCUC
_bara
_cEG-GiCUC
_dEG-GiCUC
_erda
082 0 4 _221
_a412
_bD952
092 0 4 _221
_a412
_bD952
099 _a412 D952
100 1 _aابن دريد، محمد بن الحسن
_d837 or 838-933
_eمؤلف.
245 1 0 _aكتاب الملاحن /
_cتأليف أبي بكر محمد بن الحسن بن دريد الأزدي ؛ تحقيق عبد الإله نبهان.
264 _aدمشق (سوريا) :
_bوزارة الثقافة،
_c1992.
300 _a245 صفحة ؛
_c24 سم
336 _2rdacontent
_atext
337 _2rdamedia
_aUnmediated
338 _2rdacarrier
_avolume
490 0 _aاحياء التراث العربي ؛
_v91
504 _aيشتمل على ارجاعات ببليوجرافية وكشاف.
541 _aد. جابر عصفور ؛
_bالقاهرة ؛
_cإهداء ؛
_d2024.
650 1 7 _aاللغة العربية
_xالمترادفات والاضداد
_2qrmak
650 1 0 _aاللغة العربية
_xدلالات
651 1 _2qrmak
700 1 _aنبهان، عبد الاله
_eمحقق.
905 _aAya
942 _2ddc
_cBK
_e21
_n0
999 _c173174
_d173174